| 000 | 00697nam a2200241 a 4500 | ||
|---|---|---|---|
| 001 | 000045668 | ||
| 003 | DO-SdBNP | ||
| 005 | 20230330100303.0 | ||
| 007 | ta | ||
| 008 | 150422s2009 dr a 000 0 spa d | ||
| 040 |
_aDO-SdBNP _bspa _cBNPHU |
||
| 082 |
_a843.912 _bS132p |
||
| 100 | 1 |
_aSaint-Exupéry, Antoine de _973729 |
|
| 245 | 1 | 3 |
_aEl principito / _cAntoine de Saint-Exupéry. |
| 260 |
_aSanto Domingo : _bTaller, _c2009. |
||
| 300 |
_a102 paginas. : _bilustración. ; _c22 cm. |
||
| 590 | _aInventariado, 2023 / DG | ||
| 650 | 4 |
_aCuentos franceses _913634 |
|
| 650 | 4 |
_aLiteratura francesa _91074 |
|
| 650 | 4 |
_aLiteratura infantil francesa _957364 |
|
| 910 | _aDG | ||
| 942 |
_2ddc _cLBS1 |
||
| 999 |
_c53197 _d53197 |
||